Złota Piłka 2008 - Top 10 - Statystyki

Ogólne statystyki
  • Ten quiz został rozwiązany 384 razy
  • Średni wynik to 7 z 10
Statystyki odpowiedzi
Lp. Klub Kraj Zawodnik % Poprawnych
2 Barcelona Argentyna Lionel Messi
100%
1 Man United Portugalia Cristiano Ronaldo
99%
8 Inter Szwecja Zlatan Ibrahimovic
87%
5 Barcelona Hiszpania Xavi
86%
9 Milan Brazylia Kaka
81%
10 Liverpool Anglia Steven Gerrard
79%
3 Liverpool Hiszpania Fernando Torres
70%
4 Real Madryt Hiszpania Iker Casillas
67%
7 Valencia Hiszpania David Villa
54%
6 Zenit Rosja Andriej Arszawin
17%
Nie znaleziono quizów pasujących do podanych kryteriów
Rozkład punktacji
Procent ludzi z każdym wynikiem
Percentyl według liczby udzielonych odpowiedzi
Twoja historia wyników
Nie rozwiązałeś tego quizu